| 000 | 01071cas a2200289 4500 | ||
|---|---|---|---|
| 008 | 750325c19749999waufr p aob 0 a0eng | ||
| 010 | _a 75641024 | ||
| 022 | _a0288-609x | ||
| 040 |
_aDLC _cDLC _dNSDP _dOCoLC _dNSDP _dNST _dAIP _dNSDP _dNST _dNSDP _dDLC _dNST _dMH _dMiU _dCU-S _dMH _dPBL _dOCoLC _dCU-S _dOCoLC _dNSDP _dNLGGC _dOCoLC _dHEBIS _dGBVCP _dWaU |
||
| 043 | _aa-ja--- | ||
| 050 | 0 | 0 |
_aDS801 _b.J7 |
| 092 | 4 |
_a610.5 _bJ864 _221 |
|
| 099 |
_a\4 _a610.5 J864 |
||
| 210 | 0 |
_aJ. Jpn. stud. _b(Print) |
|
| 222 | 0 | _ajournal of the japanese society of pediatric surgeons=小児外科医の日本社会学会 | |
| 245 | 0 | 4 | _ajournal of the japanese society of pediatric surgeons |
| 260 |
_athe japanese society of pediatric surgeons, _c1964- |
||
| 300 |
_av. _c23 cm. |
||
| 310 | _aannual | ||
| 362 | 0 | _av. 1- april 1965- | |
| 651 | 0 |
_aJapan _vPeriodicals. |
|
| 710 | 2 | _athe japanese society of pediatric surgeons | |
| 905 |
_aSozan _eCat. |
||
| 905 | _eRev. | ||
| 942 |
_2ddc _cBK |
||
| 999 |
_c150189 _d150189 |
||